000
00313nam a2200121Ia 4500
008
240126s9999 xx 000 0 und d
041
_a
English
245
0
_a
Miracle of Teaching (2005 -
260
_b
Asian Academy of Education and Culture
_a
Bhopal
440
_a
NULL
650
_a
Miracle,(2005,-
942
_c
JN
999
_c
259140
_d
259140